Estatísticas para Países Mais Próximos do Brasil

Clique aqui para jogar o quiz

Estatísticas Gerais

  • Esse quiz foi jogado 3 336 vezes
  • A pontuação média é 15 de 20

Estatísticas das Respostas

kmpaís% Correto
0Argentina
99%
0Uruguai
98%
713Chile
97%
0Venezuela
97%
0Colômbia
97%
0Paraguai
97%
0Guiana
96%
0Peru
96%
0Bolívia
96%
0Suriname
95%
489Equador
94%
1067Panamá
85%
0França
67%
542Trinidad e Tobago
57%
948Santa Lúcia
47%
868Barbados
45%
762Granada
44%
826São Vicente e Granadinas
44%
1117Dominica
42%
1318Antígua e Barbuda
41%

Distribuição das Pontuações

Percentil de Números Respondidos

Porcentagem de Pessoas com Cada Pontuação

Sua Pontuação Histórica

Você não jogou esse quiz